Ciencia y filosofía : ontología y objetividad científica /

Сохранить в:
Библиографические подробности
Главный автор: Chamorro Mielke, Joaquín (autor)
Формат:
Язык:испанский
Опубликовано: Madrid, España : Akal, 2003, c2003
Серии:(Historia del Pensamiento y la Cultura ; 63)
Предметы:
Метки: Добавить метку
Нет меток, Требуется 1-ая метка записи!

MARC

LEADER 00000nam^a2200000^a^4500
001 000395193
005 20250521000000.0
009 20260310121355.88
020 |a 84-460-1830-6 
037 |a Acervo Xavier Clavigero 
041 |a ESP 
082 |a 121.  |b CHA 
100 |a Chamorro Mielke, Joaquín  |e (autor) 
245 1 0 |a Ciencia y filosofía :  |b ontología y objetividad científica /  |c J. Chamorro Mielke. 
264 4 |a Madrid, España :  |b Akal,  |c 2003, c2003 
300 |a 126 p. 
336 |a texto  |b txt  |2 rdacontenido 
337 |a sin mediación  |b n  |2 rdamedio 
338 |a volumen  |b nc  |2 rdasoporte 
440 1 |a (Historia del Pensamiento y la Cultura ;  |v 63) 
521 |a Peticiones 2017 
649 |a XX 
650 |a Objetividad y Subjetividad en la Ciencia 
650 |a Espacio y Tiempo 
650 |a Materia 
650 |a Ontología 
650 |a Metafísica 
650 |a Epistemología -  |x Tema Principal 
650 |a Filosofía del Conocimiento 
650 |a Filosofía 
910 |a Fondo General 
920 |a Impresos - Libros 
930 |a Colección General 
905 |a 101 
901 |a 0500290351  |b IT1  |c ACC  |i FXC C1519  |u 20250521 
902 |a https://opac.biblio.iteso.mx/vufind/Record/000395193